Geography Quiz

Random Geography or State Quiz

Largest US Cities Ending in 'O' Quiz Stats

Quiz Updated Apr 27, 2017

Challenge
Share
Tweet
Embed
Score 0/26 Timer 05:00
7 Plays Today
Population City % Correct
2,695,598Chicago
87.1%
1,307,402San Diego
79.2%
805,235San Francisco
77.5%
238,300Orlando
73.7%
1,327,407San Antonio
72.7%
466,488Sacramento
60%
649,121El Paso
54%
225,221Reno
50.1%
287,208Toledo
47.3%
261,310Buffalo
46.7%
494,665Fresno
41.5%
105,549Fargo
26.5%
124,805Waco
25.5%
Population City % Correct
236,091Laredo
25.2%
112,488Provo
23.7%
269,666Greensboro
23.5%
259,841Plano
23.1%
190,695Amarillo
22.6%
209,924San Bernardino
21.9%
201,165Modesto
18.1%
163,924Ontario
14.5%
106,595Pueblo
14.1%
143,911Escondido
8.6%
116,989Frisco
7.5%
115,942Vallejo
6.8%
108,755Murfreesboro
6.3%

You're not logged in!

Compare scores with friends on all Sporcle quizzes.
Sign Up with Email
OR
Log In

You Might Also Like...

Show Comments

Extras

Top Quizzes Today


Score Distribution

Your Account Isn't Verified!

In order to create a playlist on Sporcle, you need to verify the email address you used during registration. Go to your Sporcle Settings to finish the process.